[Event "Manhem ChessWeek Elo"]
[Site "?"]
[Date "2010.08.10"]
[Round "1"]
[White "Persson, Börje"]
[Black "Nemeth, Sebastian"]
[Result "1/2-1/2"]
[WhiteElo "1969"]
[BlackElo "2111"]
[PlyCount "48"]
[EventDate "2010.??.??"]

1. e4 c5 2. Nf3 d6 3. d4 cxd4 4. Nxd4 Nf6 5. Nc3 a6 6. Bg5 e6 7. f4 Qb6 8. Nb3
Nc6 9. Qf3 Be7 10. O-O-O Qc7 11. Kb1 h6 12. Bh4 g5 13. fxg5 Ne5 14. Qe2 Nfd7
15. Qh5 Ng6 16. Bg3 hxg5 17. Qe2 b5 18. Qd2 Nde5 19. Bd3 b4 20. Ne2 a5 21. Nbd4
Nc4 22. Bxc4 Qxc4 23. Nf3 e5 24. Qd5 Qxd5 1/2-1/2

[Event "Manhem Chessweek Elo"]
[Site "?"]
[Date "2010.08.10"]
[Round "1"]
[White "Fransson, Lennart"]
[Black "Wihlborn, Bengt"]
[Result "1-0"]
[WhiteElo "2098"]
[BlackElo "1899"]
[PlyCount "65"]
[EventDate "2010.08.10"]

1. c4 e5 2. g3 Nc6 3. Bg2 Nf6 4. Nf3 Bc5 5. O-O d6 6. h3 Be6 7. b3 h6 8. Bb2
O-O 9. e3 e4 10. Ne1 Ne5 11. d4 exd3 12. Nxd3 Nxd3 13. Qxd3 d5 14. Qc2 dxc4 15.
bxc4 c6 16. Nd2 Ne8 17. Nb3 Bb6 18. Ba3 Qg5 19. Bxf8 Kxf8 20. Rad1 Bf5 21. e4
Bg6 22. Kh2 h5 23. f4 Qe7 24. Qe2 h4 25. gxh4 Qxh4 26. Qg4 Qe7 27. Rd7 Qa3 28.
e5 Qxa2 29. f5 Bh7 30. Qh5 Bg8 31. e6 Nf6 32. Rxf7+ Ke8 33. Rxf6+ 1-0

[Event "Manhem ChessWeek Elo"]
[Site "?"]
[Date "2010.08.10"]
[Round "1"]
[White "Kasib, Laith"]
[Black "Wahlström, Lennart"]
[Result "0-1"]
[WhiteElo "2115"]
[BlackElo "2169"]
[PlyCount "96"]
[EventDate "2010.??.??"]

1. Nf3 d5 2. d4 c5 3. Bf4 Nc6 4. Nc3 e6 5. e3 a6 6. Be2 Nf6 7. O-O Be7 8. Ne5
O-O 9. Bf3 Nxe5 10. dxe5 Nd7 11. Ne2 Qc7 12. c4 dxc4 13. Rc1 Nxe5 14. Rxc4
Nxf3+ 15. gxf3 e5 16. Bg3 Be6 17. Rc1 Bd6 18. Nc3 Rad8 19. Ne4 Be7 20. Qc2 c4
21. f4 f5 22. Nd2 e4 23. Nxe4 Qc6 24. Nd2 b5 25. f3 Bc5 26. Bf2 Bb4 27. Rcd1
Bxd2 28. Rxd2 Qxf3 29. Qd1 Qxd1 30. Rfxd1 Rxd2 31. Rxd2 Kf7 32. Be1 a5 33. Rd6
b4 34. Ra6 Rc8 35. Bd2 c3 36. bxc3 bxc3 37. Bc1 Rd8 38. Kf2 Rd1 39. Ba3 Rd2+
40. Kg3 Rxa2 41. Ra7+ Kg6 42. Bf8 Bd5 43. Rxg7+ Kf6 44. Rc7 Rg2+ 45. Kh3 c2 46.
Ba3 Be4 47. Rc5 Rg4 48. Bb2+ Kg6 0-1

[Event "Manhem ChessWeek Elo"]
[Site "?"]
[Date "2010.08.10"]
[Round "1"]
[White "Berggren-Torell, Harald"]
[Black "Andersson, Göran"]
[Result "1-0"]
[WhiteElo "1927"]
[BlackElo "2169"]
[PlyCount "119"]
[EventDate "2010.??.??"]

1. f4 Nf6 2. Nf3 g6 3. d3 d5 4. g3 Bg7 5. Bg2 O-O 6. O-O c5 7. Qe1 Nc6 8. e4 e6
9. e5 Ne8 10. c3 f6 11. exf6 Qxf6 12. Be3 d4 13. cxd4 cxd4 14. Bf2 Nc7 15. Na3
e5 16. fxe5 Nxe5 17. Nxe5 Qxe5 18. Qxe5 Bxe5 19. Nc4 Bg7 20. Nd6 Bg4 21. Rac1
Ne6 22. h3 Bf3 23. Rfe1 Bxg2 24. Kxg2 Rf6 25. Ne4 Rf5 26. Nd6 Rc5 27. Nxb7 Rxc1
28. Rxc1 Rb8 29. Nc5 Nxc5 30. Rxc5 Rxb2 31. Rc8+ Bf8 32. Kf3 Rxa2 33. Bxd4 Kf7
34. Rc7+ Ke6 35. Bxa7 Be7 36. Be3 h5 37. Rc6+ Kf7 38. h4 Ra5 39. Rc7 Ke6 40. d4
g5 41. hxg5 Bxg5 42. Bxg5 Rxg5 43. Rc6+ Kd7 44. Rc5 Rg4 45. Rxh5 Rxd4 46. Re5
Kd6 47. Re8 Kd7 48. Re5 Kd6 49. Re8 Kd7 50. Re3 Ra4 51. Kg2 Rb4 52. Kh3 Ra4 53.
g4 Ra8 54. Re4 Rh8+ 55. Kg3 Ra8 56. Kh4 Ra5 57. g5 Rb5 58. Kh5 Rb6 59. g6 Rb1
60. g7 1-0

[Event "Manhem ChessWeek Elo"]
[Site "?"]
[Date "2010.08.11"]
[Round "2"]
[White "Persson, Börje"]
[Black "Knutsson, Håkan"]
[Result "0-1"]
[WhiteElo "1969"]
[BlackElo "1933"]
[PlyCount "62"]
[EventDate "2010.??.??"]

1. e4 c5 2. Nf3 e6 3. d4 cxd4 4. Nxd4 a6 5. Nc3 Qc7 6. Bd3 Nc6 7. Be3 Nf6 8.
O-O Ne5 9. h3 Bc5 10. Kh1 d6 11. f4 Ng6 12. Qe1 Bd7 13. f5 Ne5 14. Qh4 O-O-O
15. fxe6 fxe6 16. a3 Qb6 17. Nce2 Nxd3 18. cxd3 e5 19. Rac1 Kb8 20. Rxc5 dxc5
21. Qg3 cxd4 22. Qxe5+ Qc7 23. Qxd4 Bc6 24. Qa7+ Kc8 25. Bf4 Qe7 26. Rc1 Kd7
27. Nd4 Ke8 28. Rxc6 bxc6 29. Qxe7+ Kxe7 30. Nxc6+ Ke6 31. Nxd8+ Rxd8 0-1

[Event "Manhem ChessWeek Elo"]
[Site "?"]
[Date "2010.08.11"]
[Round "2"]
[White "Andersson, Göran"]
[Black "Fransson, Lennart"]
[Result "1-0"]
[WhiteElo "2169"]
[BlackElo "2098"]
[PlyCount "77"]
[EventDate "2010.??.??"]

1. e4 c6 2. d4 d5 3. Nc3 dxe4 4. Nxe4 Bf5 5. Ng3 Bg6 6. h4 h6 7. Nf3 Nf6 8. Ne5
Bh7 9. Bd3 Bxd3 10. Qxd3 e6 11. Bd2 Nbd7 12. f4 c5 13. O-O-O cxd4 14. Ng6 Rg8
15. Nxf8 Nxf8 16. Bb4 Qd5 17. Qxd4 Qxd4 18. Rxd4 Rd8 19. Rxd8+ Kxd8 20. c4 Ng4
21. Ne4 Ne3 22. Nd6 Kc7 23. g3 Nd7 24. Re1 a5 25. Ba3 Nf5 26. Nxf7 Re8 27. g4
Nxh4 28. Nd6 Rg8 29. Rxe6 Nf3 30. Nb5+ Kd8 31. Be7+ Kc8 32. Kd1 Nf6 33. Bxf6
gxf6 34. Rxf6 Rxg4 35. Rxh6 Rxf4 36. Rh7 Rf6 37. c5 Ng5 38. Re7 Nf7 39. Rxf7
1-0

[Event "Manhem ChessWeek Elo"]
[Site "?"]
[Date "2010.08.11"]
[Round "2"]
[White "Wihlborn, Bengt"]
[Black "Kasib, Laith"]
[Result "0-1"]
[WhiteElo "1899"]
[BlackElo "2115"]
[PlyCount "104"]
[EventDate "2010.??.??"]

1. Nf3 Nf6 2. c4 e6 3. g3 d5 4. d4 Be7 5. Bg2 O-O 6. O-O dxc4 7. Qc2 a6 8. a4
Bd7 9. Ne5 Bc6 10. Nxc6 Nxc6 11. Bxc6 bxc6 12. Qxc4 Qd5 13. Qc2 Rab8 14. Nd2 c5
15. dxc5 Bxc5 16. Nf3 Ne4 17. Qd3 Rb3 18. Qxd5 exd5 19. Ne5 Re8 20. Nd3 Ba7 21.
Kg2 c5 22. a5 c4 23. Nf4 Nf6 24. Rd1 d4 25. h4 h6 26. Ra4 Rc8 27. Rd2 Ne4 28.
Rc2 Nd6 29. Nd5 Rc5 30. Nb4 c3 31. Nxa6 Rc4 32. Rxc4 Nxc4 33. bxc3 dxc3 34. e3
Nxa5 35. Nc7 Bb8 36. Nd5 Be5 37. e4 Nc4 38. Bf4 Bd4 39. Ne7+ Kh7 40. Nf5 Bc5
41. Bc1 h5 42. Kf1 g6 43. Ne3 Bxe3 44. fxe3 Kg7 45. Ke1 Ne5 46. Kd1 Nd3 47. Rh2
Nb4 48. Rh1 Rb1 49. Rf1 Na2 50. Kc2 Rxc1+ 51. Rxc1 Nxc1 52. Kxc1 Kf6 0-1

[Event "Manhem ChessWeek Elo"]
[Site "?"]
[Date "2010.08.11"]
[Round "2"]
[White "Berggren Torell, Harald"]
[Black "Nemeth, Sebastian"]
[Result "1-0"]
[WhiteElo "1927"]
[BlackElo "2111"]
[PlyCount "75"]
[EventDate "2010.??.??"]

1. f4 Nf6 2. Nf3 d5 3. e3 Bg4 4. Be2 Nc6 5. d4 e6 6. O-O Bd6 7. Bd2 Ne7 8. Nc3
Bxf3 9. Bxf3 c5 10. Nb5 a6 11. Nxd6+ Qxd6 12. Bc3 c4 13. Qd2 Nf5 14. b3 Rc8 15.
Bb4 Qc6 16. bxc4 Qxc4 17. c3 Qc6 18. c4 Nh4 19. cxd5 Nxf3+ 20. gxf3 Qxd5 21. e4
Qh5 22. Ba3 Nd7 23. Qb4 Nc5 24. Rac1 O-O 25. Rxc5 Qh4 26. Qc3 Rcd8 27. Qe3 Qf6
28. Rg5 Rxd4 29. Bxf8 Kxf8 30. Kh1 h6 31. Rg2 Qd8 32. Rc2 Rd1 33. Qf2 Kg8 34.
Rxd1 Qxd1+ 35. Kg2 b5 36. Qd2 Qa1 37. e5 g6 38. Rc1 1-0

[Event "Manhem Chessweek Elo"]
[Site "?"]
[Date "2010.08.12"]
[Round "3"]
[White "Berggren Torell, Harald"]
[Black "Persson, Börje"]
[Result "1/2-1/2"]
[WhiteElo "1927"]
[BlackElo "1969"]
[PlyCount "41"]
[EventDate "2010.08.12"]
[SourceDate "2010.08.12"]

1. f4 e5 2. fxe5 d6 3. exd6 Bxd6 4. Nf3 g5 5. d4 g4 6. Ne5 Bxe5 7. dxe5 Qxd1+
8. Kxd1 Nc6 9. Nc3 Be6 10. Bf4 O-O-O+ 11. Ke1 Nge7 12. e3 Ng6 13. Bg5 Rde8 14.
Bf6 Rhg8 15. Be2 Ngxe5 16. b3 Rg6 17. Bh4 a6 18. Rd1 Bf5 19. e4 Bd7 20. Rf1 Be6
21. a3 1/2-1/2

[Event "Manhem Chessweek Elo"]
[Site "?"]
[Date "2010.08.12"]
[Round "3"]
[White "Kasib, Laith"]
[Black "Andersson, Göran"]
[Result "1-0"]
[WhiteElo "2115"]
[BlackElo "2169"]
[PlyCount "71"]
[EventDate "2010.08.12"]
[SourceDate "2010.08.12"]

1. Nf3 Nf6 2. c4 g6 3. Nc3 Bg7 4. e4 d6 5. d4 O-O 6. Be2 e5 7. O-O Nc6 8. d5
Ne7 9. a4 Ne8 10. a5 f5 11. b4 Nf6 12. Ng5 h6 13. Ne6 Bxe6 14. dxe6 Nxe4 15.
Nxe4 fxe4 16. Qc2 c6 17. Qxe4 d5 18. Qc2 Qd6 19. a6 b6 20. b5 Qxe6 21. bxc6
Qxc6 22. Ba3 Rae8 23. Qb3 d4 24. c5+ Kh7 25. Bb5 Qd5 26. Qxd5 Nxd5 27. Bxe8
Rxe8 28. cxb6 Nxb6 29. Bc5 e4 30. Bxb6 axb6 31. a7 Ra8 32. Rfc1 d3 33. Rc7 Kh8
34. Rb7 Be5 35. Kf1 Kg8 36. Ra6 1-0

[Event "Manhem Chessweek Elo"]
[Site "?"]
[Date "2010.08.12"]
[Round "3"]
[White "Wahlström, Lennart"]
[Black "Wihlborn, Bengt"]
[Result "1-0"]
[WhiteElo "2169"]
[BlackElo "1899"]
[PlyCount "115"]
[EventDate "2010.08.12"]
[SourceDate "2010.08.12"]

1. e4 c5 2. Nf3 e6 3. d4 cxd4 4. Nxd4 a6 5. Be2 Qc7 6. O-O Nf6 7. Nc3 Be7 8.
Be3 O-O 9. f4 d6 10. Kh1 b5 11. Bf3 Bb7 12. e5 dxe5 13. fxe5 Nfd7 14. Bf4 Nc5
15. Bxb7 Qxb7 16. Qg4 Rd8 17. Bh6 Bf8 18. b4 Kh8 19. Bg5 Rxd4 20. Qxd4 Nc6 21.
Qf4 Nd7 22. Qxf7 Bxb4 23. Ne2 Ncxe5 24. Qxe6 Qe4 25. Ng3 Qxc2 26. Rac1 Qg6 27.
Qxg6 Nxg6 28. Rc7 Ndf8 29. Rfc1 Bd6 30. Rc8 Ra7 31. Nf5 Be5 32. Be7 Kg8 33. Rf1
h6 34. Bxf8 Nxf8 35. Nxh6+ gxh6 36. Rcxf8+ Kg7 37. Re8 Bc3 38. Re3 b4 39. Re6
a5 40. g4 a4 41. Rc6 a3 42. Rd1 Re7 43. Rb6 Kh7 44. Kg2 Rf7 45. Rd5 Be1 46. Rf5
Rd7 47. Rff6 Bc3 48. Rxh6+ Kg7 49. Rhc6 Ra7 50. h4 Be1 51. Rg6+ Kf7 52. Rbf6+
Ke7 53. Rf3 Bc3 54. Rb6 Ra8 55. g5 Rh8 56. g6 Rxh4 57. Rf7+ Ke8 58. Rb8# 1-0

[Event "Manhem ChessWeek Elo"]
[Site "?"]
[Date "2010.08.13"]
[Round "4"]
[White "Knutsson, Håkan"]
[Black "Nemeth, Sebastian"]
[Result "0-1"]
[WhiteElo "1933"]
[BlackElo "2111"]
[PlyCount "94"]
[EventDate "2010.??.??"]

1. e4 c5 2. Nf3 d6 3. d4 cxd4 4. Nxd4 Nf6 5. Nc3 a6 6. Be3 Ng4 7. Bg5 h6 8. Bh4
g5 9. Bg3 Bg7 10. h3 Ne5 11. Nf5 Bxf5 12. exf5 Nbd7 13. Nd5 Nb6 14. c3 Rc8 15.
Be2 Nxd5 16. Qxd5 Qb6 17. Qb3 Qxb3 18. axb3 e6 19. fxe6 fxe6 20. O-O-O Ke7 21.
f4 Nf7 22. fxg5 Bxc3 23. Bxd6+ Nxd6 24. bxc3 Rxc3+ 25. Kb2 Rhc8 26. Rc1 Rxc1
27. Rxc1 Rxc1 28. Kxc1 hxg5 29. Kc2 Kf6 30. Kc3 a5 31. Kd4 b6 32. Bd3 Nf5+ 33.
Ke4 Ng3+ 34. Kf3 Nf5 35. Ke4 Nd6+ 36. Kd4 Nb7 37. Be2 Ke7 38. Ke5 Nd8 39. g3
Nf7+ 40. Ke4 Nd6+ 41. Kf3 b5 42. h4 a4 43. bxa4 bxa4 44. Bd1 a3 45. Bb3 gxh4
46. gxh4 Nf5 47. Ke4 Nxh4 0-1

[Event "Manhem ChessWeek Elo"]
[Site "?"]
[Date "2010.08.13"]
[Round "4"]
[White "Knutsson, Håkan"]
[Black "Torell Berggren, Harald"]
[Result "0-1"]
[WhiteElo "1933"]
[BlackElo "1927"]
[PlyCount "82"]
[EventDate "2010.??.??"]

1. e4 d6 2. d4 Nf6 3. Nc3 g6 4. Nf3 Bg7 5. Be2 O-O 6. O-O Nc6 7. h3 e5 8. d5
Ne7 9. Be3 Kh8 10. Nh2 Nd7 11. f4 exf4 12. Bxf4 Ne5 13. Qd2 Ng8 14. Rae1 h6 15.
Nd1 g5 16. Be3 Ne7 17. c4 b6 18. Nf2 f5 19. Bd4 f4 20. Nfg4 N7g6 21. Nxe5 Bxe5
22. Ng4 Bxg4 23. Bxg4 Qf6 24. Bxe5 Nxe5 25. Be2 a5 26. b3 Qg7 27. Qd1 Rae8 28.
Kh1 Re7 29. Bf3 Nd7 30. Rf2 Re5 31. a3 Nf6 32. b4 axb4 33. axb4 Qh7 34. Ra2 h5
35. Kg1 Rg8 36. Kf2 g4 37. hxg4 hxg4 38. Rh1 Rh5 39. Rxh5 Qxh5 40. Qa1 gxf3 41.
Qxf6+ Kh7 0-1

[Event "Manhem ChessWeek Elo"]
[Site "?"]
[Date "2010.08.13"]
[Round "4"]
[White "Persson, Börje"]
[Black "Fransson, Lennart"]
[Result "0-1"]
[WhiteElo "1969"]
[BlackElo "2098"]
[PlyCount "78"]
[EventDate "2010.??.??"]

1. e4 Nf6 2. e5 Nd5 3. d4 d6 4. Nf3 Bg4 5. Be2 e6 6. exd6 cxd6 7. O-O Be7 8. c4
Nb6 9. Be3 O-O 10. Nc3 Nc6 11. d5 Bxf3 12. Bxf3 Ne5 13. b3 Nxf3+ 14. Qxf3 e5
15. Qe2 f5 16. f4 Bf6 17. Rac1 Re8 18. Qf2 Nd7 19. Nd1 g6 20. g3 exf4 21. gxf4
Qe7 22. b4 b6 23. Qc2 a5 24. a3 axb4 25. axb4 Ra3 26. Bf2 Rea8 27. Re1 Qg7 28.
Qe2 Nf8 29. Bxb6 Rb8 30. c5 Bh4 31. Nf2 Qd4 32. Bc7 Re8 33. Qc2 Rc3 34. Qxc3
Qxf2+ 35. Kh1 Rxe1+ 36. Rxe1 Qxe1+ 37. Qxe1 Bxe1 38. Bxd6 Bxb4 39. Bxf8 Kxf8
0-1

[Event "Manhem ChessWeek Elo"]
[Site "?"]
[Date "2010.08.13"]
[Round "4"]
[White "Nemeth, Sebastian"]
[Black "Wihlborn, Bengt"]
[Result "1-0"]
[WhiteElo "2111"]
[BlackElo "1899"]
[PlyCount "135"]
[EventDate "2010.??.??"]

1. e4 c5 2. Nf3 e6 3. d4 cxd4 4. Nxd4 a6 5. Be3 Nf6 6. Bd3 Qc7 7. O-O d5 8.
exd5 Nxd5 9. Bd2 Bd6 10. Qh5 Nf6 11. Qh4 Nbd7 12. Nc3 O-O 13. Ne4 Nxe4 14. Bxe4
Nf6 15. Bd3 h6 16. Bxh6 gxh6 17. Qxf6 Bxh2+ 18. Kh1 Qf4 19. Qe7 Qxd4 20. Kxh2
Qd8 21. Qb4 Qg5 22. Rae1 a5 23. Qa4 Rd8 24. Re3 Kf8 25. Qa3+ Qe7 26. Qc3 Qd6+
27. Kg1 Qd4 28. Qd2 Qf4 29. Qe2 Bd7 30. Rf3 Qg5 31. Rg3 Qf6 32. Qe3 Rac8 33.
Rh3 Qg5 34. Rxh6 Qxe3 35. fxe3 Ke7 36. Rh7 Rf8 37. Kf2 Rc5 38. Ke2 Rg5 39. Rf2
Bc6 40. e4 b5 41. Ke3 Be8 42. Be2 Rfg8 43. g4 Rc5 44. c3 Kd6 45. Rf1 Rc7 46.
Rd1+ Ke7 47. Kf4 b4 48. c4 a4 49. b3 axb3 50. axb3 Ra7 51. Rd2 Ra1 52. Bd1 Bc6
53. g5 e5+ 54. Kxe5 Rxg5+ 55. Kf4 Rg1 56. Be2 Ra3 57. c5 Be8 58. Bc4 Ra5 59.
Rd5 Rg8 60. e5 Ra2 61. e6 Rf2+ 62. Ke3 Rf6 63. exf7 Rg3+ 64. Kd2 Rg2+ 65. Kc1
Bxf7 66. c6 Rg1+ 67. Rd1 Rg5 68. Rd7+ 1-0

[Event "Manhem ChessWeek Elo"]
[Site "?"]
[Date "2010.08.13"]
[Round "4"]
[White "Andersson, Göran"]
[Black "Wahlström, Lennart"]
[Result "1-0"]
[WhiteElo "2169"]
[BlackElo "2169"]
[PlyCount "135"]
[EventDate "2010.??.??"]

1. e4 e5 2. Nf3 Nc6 3. Bb5 a6 4. Ba4 Nf6 5. O-O Be7 6. Re1 b5 7. Bb3 d6 8. c3
O-O 9. h3 Nd7 10. d4 Bf6 11. a4 Rb8 12. axb5 axb5 13. d5 Ne7 14. Nh2 Ng6 15.
Be3 Bg5 16. Nd2 Bxe3 17. Rxe3 Nc5 18. Bc2 b4 19. c4 Bd7 20. Nhf1 Nf4 21. Ng3 g6
22. Qb1 h5 23. Kh2 Qf6 24. Qf1 Ra8 25. Rb1 Ra2 26. Ne2 Kg7 27. Ng1 g5 28. g3
Ng6 29. Rf3 Qe7 30. Rf5 Rh8 31. Qe2 Bxf5 32. exf5 Nf8 33. Qe3 Nfd7 34. Ngf3 f6
35. Nd4 h4 36. g4 Nb6 37. Ne6+ Kf7 38. Bb3 Ra5 39. Ne4 Nxe4 40. Qxe4 Nd7 41.
Qe1 Rb8 42. Ra1 Rxa1 43. Qxa1 Nc5 44. Qa7 Rb7 45. Qa2 Qe8 46. Bd1 Qb8 47. Qb1
Ra7 48. Qc1 Ra2 49. Be2 Nb3 50. Nxg5+ Ke7 51. Qb1 Ra1 52. Qd3 Nc1 53. Qf3 Nxe2
54. Ne4 Nf4 55. g5 fxg5 56. f6+ Kf8 57. Qg4 Qe8 58. Qf5 Qg6 59. Qc8+ Qe8 60.
Qxc7 Qf7 61. Qxd6+ Kg8 62. Nxg5 Qf8 63. f7+ Kg7 64. Qxe5+ Kg6 65. Qxf4 Ra6 66.
Qg4 Qb8+ 67. f4 Qb6 68. f8=Q 1-0

[Event "Manhem ChessWeek Elo"]
[Site "www.ssmanhem.se"]
[Date "2010.08.14"]
[Round "5"]
[White "Fransson, Lennart"]
[Black "Knutsson, Håkan"]
[Result "0-1"]
[WhiteElo "2098"]
[BlackElo "1933"]
[PlyCount "54"]
[EventDate "2010.??.??"]

1. c4 c5 2. g3 e6 3. Bg2 Nf6 4. Nf3 d5 5. O-O Be7 6. b3 O-O 7. cxd5 exd5 8. d4
cxd4 9. Nxd4 Nc6 10. Nc3 Nxd4 11. Qxd4 Be6 12. Rd1 Qc8 13. Bxd5 Nxd5 14. Nxd5
Bxd5 15. e4 Bc6 16. Bb2 f6 17. Qc4+ Kh8 18. Rac1 Qe8 19. Qe2 Bd8 20. f3 Bb6+
21. Kg2 Rd8 22. Rxd8 Qxd8 23. g4 Qe7 24. Bc3 f5 25. Kh3 fxg4+ 26. Kxg4 Qe6+ 27.
Kg3 Qg6+ 0-1

[Event "Manhem ChessWeek Elo"]
[Site "www.ssmanhem.se"]
[Date "2010.08.14"]
[Round "5"]
[White "Wihlborn, Bengt"]
[Black "Andersson, Göran"]
[Result "1-0"]
[WhiteElo "1899"]
[BlackElo "2169"]
[PlyCount "55"]
[EventDate "2010.??.??"]

1. Nf3 Nf6 2. c4 g6 3. d4 Bg7 4. g3 O-O 5. Bg2 d6 6. O-O Nbd7 7. e3 e5 8. b3
Re8 9. Bb2 e4 10. Nfd2 c6 11. Nc3 d5 12. f3 exf3 13. Qxf3 dxc4 14. bxc4 Nc5 15.
Nd5 Ng4 16. Ba3 cxd5 17. Qxf7+ Kh8 18. Bxc5 Nxe3 19. Bxd5 Nxd5 20. cxd5 b6 21.
Rae1 Ba6 22. Be7 Bxd4+ 23. Kh1 Qc8 24. Nf3 Bg7 25. Ng5 Qb7 26. Rf4 h5 27. Rfe4
Bd3 28. Qxg6 1-0

[Event "Manhem ChessWeek Elo"]
[Site "www.ssmanhem.se"]
[Date "2010.08.14"]
[Round "5"]
[White "Kasib, Laith"]
[Black "Persson, Börje"]
[Result "1-0"]
[WhiteElo "2115"]
[BlackElo "1969"]
[PlyCount "87"]
[EventDate "2010.??.??"]

1. Nf3 e6 2. c4 d5 3. d4 c5 4. Nc3 Nf6 5. cxd5 exd5 6. Bg5 Be7 7. e3 O-O 8. Rc1
c4 9. Be2 Nc6 10. O-O h6 11. Bh4 Bf5 12. b3 cxb3 13. Qxb3 Na5 14. Qb2 Rc8 15.
Ne5 g5 16. Bg3 Bh7 17. f4 Ne4 18. Nxe4 Bxe4 19. f5 Rxc1 20. Qxc1 Qc8 21. Qe1
Nc6 22. f6 Bb4 23. Qf2 Nxe5 24. Bxe5 Kh7 25. Bh5 Qc3 26. h4 gxh4 27. Bf3 Rg8
28. Bxe4+ dxe4 29. Qf5+ Rg6 30. Qxe4 Qd2 31. Bf4 h3 32. g3 h5 33. Qxb7 Qg2+ 34.
Qxg2 hxg2 35. Rb1 a5 36. Be5 Rg8 37. Kxg2 Rc8 38. Rb2 Kg6 39. Kf3 Kf5 40. Rh2
Kg6 41. Ke4 a4 42. Rb2 Bf8 43. Rb7 a3 44. Rb8 1-0

[Event "Manhem ChessWeek Elo"]
[Site "www.ssmanhem.se"]
[Date "2010.08.15"]
[Round "6"]
[White "Knutsson, Håkan"]
[Black "Kasib, Laith"]
[Result "0-1"]
[WhiteElo "1933"]
[BlackElo "2115"]
[PlyCount "60"]
[EventDate "2010.??.??"]

1. e4 c5 2. Nf3 Nc6 3. d4 cxd4 4. Nxd4 Nf6 5. Nc3 e5 6. Ndb5 d6 7. Bg5 a6 8.
Na3 b5 9. Nd5 Be7 10. Bxf6 Bxf6 11. c3 O-O 12. Nc2 Bg5 13. a4 bxa4 14. Rxa4 a5
15. Bb5 Bd7 16. Nce3 Rb8 17. c4 g6 18. O-O f5 19. exf5 gxf5 20. Nc3 Nd4 21.
Bxd7 Qxd7 22. Rxa5 Rxb2 23. Nb5 Qd8 24. Ra3 Nxb5 25. Qd5+ Kh8 26. cxb5 Bxe3 27.
Rxe3 Qb6 28. Rxe5 dxe5 29. Qxe5+ Qf6 30. Qc5 Rb8 0-1

[Event "Manhem ChessWeek Elo"]
[Site "www.ssmanhem.se"]
[Date "2010.08.15"]
[Round "6"]
[White "Berggren Torell, Harald"]
[Black "Fransson, Lennart"]
[Result "1/2-1/2"]
[WhiteElo "1927"]
[BlackElo "2098"]
[PlyCount "89"]
[EventDate "2010.??.??"]

1. f4 Nf6 2. Nf3 d5 3. e3 Bg4 4. Be2 Bxf3 5. Bxf3 Nbd7 6. O-O e5 7. d4 e4 8.
Be2 Bd6 9. b3 Qe7 10. c4 c6 11. Nc3 O-O 12. Bd2 c5 13. Nb5 dxc4 14. Bxc4 a6 15.
Nxd6 Qxd6 16. dxc5 Qxc5 17. Rc1 Qa7 18. a4 Rfd8 19. Qe2 b5 20. axb5 axb5 21.
Bxb5 Qa2 22. Bc3 Qxb3 23. Bc4 Qa4 24. Bd4 Rab8 25. Ra1 Qb4 26. Qa2 Qe7 27. Qa7
Ng4 28. Ra5 g6 29. f5 Rb4 30. Ba2 Qd6 31. g3 g5 32. Rd5 Qc6 33. Qc5 Qxc5 34.
Bxc5 Rb2 35. Bb1 Rc8 36. Bd4 Rb7 37. Bxe4 Ngf6 38. Rc5 Nxc5 39. Bxb7 Nxb7 40.
Bxf6 Nd6 41. Bd4 Rc2 42. Rf2 Rxf2 43. Kxf2 Nxf5 44. g4 Nd6 45. Kf3 1/2-1/2

[Event "Manhem ChessWeek Elo"]
[Site "www.ssmanhem.se"]
[Date "2010.08.15"]
[Round "6"]
[White "Nemeth, Sebastian"]
[Black "Andersson, Göran"]
[Result "0-1"]
[WhiteElo "2111"]
[BlackElo "2169"]
[PlyCount "80"]
[EventDate "2010.??.??"]

1. b4 e5 2. Bb2 Bxb4 3. Bxe5 Nf6 4. Nf3 Nc6 5. Bb2 O-O 6. e3 Re8 7. Be2 d5 8.
O-O Qe7 9. d3 Bf5 10. Nbd2 Rad8 11. Nb3 h6 12. a3 Bd6 13. d4 Ne4 14. Nbd2 g5
15. Nxe4 dxe4 16. Nd2 g4 17. Bxg4 Qh4 18. h3 Bg6 19. Nc4 f5 20. Nxd6 Rxd6 21.
g3 Qg5 22. Be2 Bf7 23. h4 Qg7 24. Qe1 Ne7 25. Kh2 Kh7 26. Rg1 Rg8 27. f4 exf3
28. Bxf3 Rb6 29. Bc3 Bd5 30. Qf2 Bxf3 31. Qxf3 Rc6 32. e4 Qg4 33. Qd3 fxe4 34.
Qd2 Nd5 35. Bb4 Rf6 36. Rg2 Rf3 37. Qe1 Ne3 38. Rg1 Nxc2 39. Rc1 Nxe1 40. Rxc7+
Rg7 0-1

[Event "Manhem ChessWeek Elo"]
[Site "www.ssmanhem.se"]
[Date "2010.08.15"]
[Round "6"]
[White "Persson, Börje"]
[Black "Wahlström , Lennart"]
[Result "0-1"]
[WhiteElo "1969"]
[BlackElo "2169"]
[PlyCount "72"]
[EventDate "2010.??.??"]

1. e4 e5 2. Nf3 Nc6 3. Bb5 a6 4. Ba4 Nf6 5. O-O Be7 6. Re1 b5 7. Bb3 d6 8. c3
O-O 9. h3 Nd7 10. d4 Bf6 11. d5 Na5 12. Bc2 Nb6 13. Nbd2 c6 14. dxc6 Nxc6 15.
Nf1 Be6 16. Ne3 Qc7 17. Nf5 Bxf5 18. exf5 d5 19. Nh2 b4 20. Ng4 Qd6 21. Nxf6+
Qxf6 22. Qg4 h6 23. cxb4 e4 24. Bb3 Ne5 25. Qh5 Nd3 26. Rd1 Rac8 27. Rb1 Nc4
28. Bxc4 Rxc4 29. a3 Rfc8 30. Be3 Rc2 31. Qg4 Re8 32. Rxd3 exd3 33. Bd4 Qg5 34.
Qxg5 hxg5 35. Kh2 d2 36. Be3 Rxe3 0-1

[Event "Manhem ChessWeek Elo"]
[Site "www.ssmanhem.se"]
[Date "2010.08.16"]
[Round "7"]
[White "Fransson, Lennart"]
[Black "Nemeth, Sebastian"]
[Result "0-1"]
[WhiteElo "2098"]
[BlackElo "2111"]
[PlyCount "64"]
[EventDate "2010.??.??"]

1. c4 e5 2. g3 Nf6 3. Bg2 d5 4. cxd5 Nxd5 5. Nc3 Nb6 6. Nf3 Nc6 7. O-O g5 8. d3
g4 9. Nd2 Be6 10. f4 Bc5+ 11. Kh1 exf4 12. Rxf4 h5 13. Nce4 Be7 14. b4 Nxb4 15.
Bb2 Rh6 16. Qf1 N4d5 17. Qf2 Nxf4 18. Qxf4 Rg6 19. Qe5 f5 20. Qh8+ Kd7 21. Qh7
Qg8 22. Nc5+ Ke8 23. Qxg8+ Bxg8 24. Nxb7 Nd5 25. Bd4 Rb8 26. Rb1 c5 27. Nxc5
Rxb1+ 28. Nxb1 Rc6 29. Nb3 Rc2 30. e4 Nb4 31. Bf1 Bxb3 32. axb3 Rc1 0-1

[Event "Manhem ChessWeek Elo"]
[Site "www.ssmanhem.se"]
[Date "2010.08.16"]
[Round "7"]
[White "Wahlström, Lennart"]
[Black "Knutsson, Håkan"]
[Result "1-0"]
[WhiteElo "2169"]
[BlackElo "1933"]
[PlyCount "53"]
[EventDate "2010.??.??"]

1. e4 c5 2. Nf3 d6 3. d4 cxd4 4. Nxd4 Nf6 5. Nc3 a6 6. Be2 e5 7. Nb3 Be7 8. O-O
O-O 9. Be3 Be6 10. a4 Nbd7 11. a5 Rc8 12. f4 exf4 13. Bxf4 Ne5 14. Nd4 Re8 15.
Kh1 Nc6 16. Nxc6 Rxc6 17. Ra4 Qc7 18. Be3 Bc4 19. Bg5 Be6 20. Bd3 Nd7 21. Nd5
Bxd5 22. exd5 Bxg5 23. dxc6 Nf8 24. cxb7 Qxb7 25. Qf3 Qd7 26. Rb4 Re7 27. Qf5
1-0

[Event "Manhem ChessWeek Elo"]
[Site "www.ssmanhem.se"]
[Date "2010.08.16"]
[Round "7"]
[White "Kasib, Laith"]
[Black "Berggren Torell, Harald"]
[Result "1-0"]
[WhiteElo "2115"]
[BlackElo "1927"]
[PlyCount "51"]
[EventDate "2010.??.??"]

1. Nf3 f5 2. d4 Nf6 3. g3 e6 4. Bg2 d5 5. O-O Bd6 6. c4 c6 7. b3 Qe7 8. Bb2 b6
9. Ne5 Bb7 10. a4 a5 11. cxd5 cxd5 12. Na3 Na6 13. Nb5 Nb4 14. Nxd6+ Qxd6 15.
Ba3 Ba6 16. Rc1 Rc8 17. Rxc8+ Bxc8 18. Qd2 Ne4 19. Bxe4 fxe4 20. Qf4 Rf8 21.
Qg5 g6 22. Rc1 Bd7 23. Qh6 Qe7 24. Rc7 Qf6 25. f4 g5 26. Qxf6 1-0

[Event "Manhem ChessWeek Elo"]
[Site "www.ssmanhem.se"]
[Date "2010.08.16"]
[Round "7"]
[White "Wihlborn, Bengt"]
[Black "Persson, Börje"]
[Result "1/2-1/2"]
[WhiteElo "1899"]
[BlackElo "1969"]
[PlyCount "126"]
[EventDate "2010.??.??"]

1. Nf3 e6 2. g3 b6 3. Bg2 Bb7 4. O-O Nf6 5. d3 d6 6. e4 Nbd7 7. h3 Be7 8. Re1
O-O 9. Be3 c5 10. Nbd2 Qc7 11. a4 a6 12. c3 Ne5 13. Qc2 Nxf3+ 14. Bxf3 Nd7 15.
Bg2 e5 16. Qb3 Bf6 17. Rac1 Rac8 18. Kh2 Bc6 19. Red1 b5 20. axb5 axb5 21. Ra1
Ra8 22. Nf1 Ra4 23. Rxa4 bxa4 24. Qa3 Rb8 25. Bc1 g6 26. Ne3 Nb6 27. Ng4 Bg7
28. Bh6 Bxh6 29. Nxh6+ Kg7 30. Ng4 Nd7 31. Ne3 Nb6 32. d4 cxd4 33. cxd4 Nc8 34.
dxe5 dxe5 35. Rd2 Qe7 36. Qc3 Qe8 37. Ng4 f6 38. f4 Rb3 39. Qc5 h5 40. Ne3 Rb5
41. Qc3 Rb3 42. Qc5 Rb5 43. Qc4 Nb6 44. Qc3 Rb3 45. Qc5 Rb5 46. Qd6 Qd7 47.
fxe5 Rxe5 48. Qb4 Qc7 49. Qd4 Rg5 50. Qd6 Qxd6 51. Rxd6 Rc5 52. e5 Bxg2 53.
exf6+ Kf7 54. Kxg2 Rb5 55. Rd2 Kxf6 56. Kf3 Rb3 57. Rd6+ Kf7 58. Rd2 Ke6 59. h4
Ke5 60. Kf2 Rxe3 61. Kxe3 Nc4+ 62. Ke2 Nxd2 63. Kxd2 Kf5 1/2-1/2